00557nam a2200193Ia 4500003000400000008004100004040001600045082002200061100002600083245004500109260007400154300000700228490003700235650001900272650001700291650001700308650001900325650001900344GCL140319s9999 xx 000 0 ara d aGCL / cGCL04aطb871.32bد م1 aدار المعارف10aالادغال / cدار المعارف a[S.N] : bدار المعارف للطباعة والنشر ، c1992 a35 aالمعارف للاولادv004aالاطفال04aالمرور04aالعلوم04aالتصوير04aالتوقيت